Energy conservation and building design (Record no. 79532)

MARC details
000 -LEADER
fixed length control field 01601cab a22003015a 4500
001 - CONTROL NUMBER
control field L141592
008 - FIXED-LENGTH DATA ELEMENTS--GENERAL INFORMATION
fixed length control field 071204s2007 xxkd f 000 0 eng d
035 ## - SYSTEM CONTROL NUMBER
System control number (Sirsi) u141592
041 0# - LANGUAGE CODE
Language code of text/sound track or separate title eng
100 1# - MAIN ENTRY--PERSONAL NAME
Personal name Adeyeye, Kemi
245 00 - TITLE STATEMENT
Title Energy conservation and building design
Remainder of title the environmental legislation push and pull factors
260 ## - PUBLICATION, DISTRIBUTION, ETC.
Date of publication, distribution, etc. 2007
490 #0 - SERIES STATEMENT
Series statement Structural Survey
Volume/sequential designation 25(5) December 2007, 375-390(16)
520 ## - SUMMARY, ETC.
Summary, etc. Based on a survey of UK architectural design practices, this paper examines the potential impact of energy conservation policies and legislation on building design; looks at energy conservation practices in the building industry; and highlights associated barriers to an integrated low energy architectural design process. Reveals that building design is affected by existing legislation, but often not by policy, and there are not many incentives for the industry to implement the low energy design strategies that are recommended. References.
590 ## - LOCAL NOTE (RLIN)
Local note KA
650 24 - SUBJECT ADDED ENTRY--TOPICAL TERM
Topical term or geographic name entry element DIRECTIVE 2002/91/EC
650 24 - SUBJECT ADDED ENTRY--TOPICAL TERM
Topical term or geographic name entry element ISO 14001: 2004
650 24 - SUBJECT ADDED ENTRY--TOPICAL TERM
Topical term or geographic name entry element BUILDING REGULATIONS 2000 APPROVED DOCUMENT L1A (2006 EDITION)
650 24 - SUBJECT ADDED ENTRY--TOPICAL TERM
Topical term or geographic name entry element BUILDING REGULATIONS 2000 APPROVED DOCUMENT L1B (2006 EDITION)
650 24 - SUBJECT ADDED ENTRY--TOPICAL TERM
Topical term or geographic name entry element BUILDING REGULATIONS 2000 APPROVED DOCUMENT L2A (2006 EDITION)
650 24 - SUBJECT ADDED ENTRY--TOPICAL TERM
Topical term or geographic name entry element BUILDING REGULATIONS 2000 APPROVED DOCUMENT L2B (2006 EDITION)
651 #4 - SUBJECT ADDED ENTRY--GEOGRAPHIC NAME
Geographic name United Kingdom
Chronological subdivision
690 ## - LOCAL SUBJECT ADDED ENTRY--TOPICAL TERM (OCLC, RLIN)
Topical term or geographic name as entry element BUILT ENVIRONMENT-SUSTAINABLE CONSTRUCTION
690 ## - LOCAL SUBJECT ADDED ENTRY--TOPICAL TERM (OCLC, RLIN)
Topical term or geographic name as entry element BUILT ENVIRONMENT-CONSTRUCTION DESIGN
700 1# - ADDED ENTRY--PERSONAL NAME
Personal name Osmani, Mohamed
700 1# - ADDED ENTRY--PERSONAL NAME
Personal name Brown, Claire
942 ## - ADDED ENTRY ELEMENTS (KOHA)
Suppress in OPAC 0
Holdings
Withdrawn status Lost status Source of classification or shelving scheme Damaged status Not for loan Home library Current library Shelving location Date acquired Total Checkouts Full call number Barcode Date last seen Copy number Price effective from Koha item type
    Dewey Decimal Classification     London London Journal article 04/12/2007   L141592 141592-1001 06/08/2019 1 06/08/2019 Journal article